[Event "DRUGA LIGA CENTRALNE SRBIJE 2013 - Istok"]
[Site "Zajecar"]
[Date "2013.10.12"]
[Round "5.11"]
[White "Popchev, Milko"]
[Black "Raicevic, Ivica"]
[Result "1/2-1/2"]
[WhiteElo "2413"]
[BlackElo "2264"]
[PlyCount "0"]
[EventDate "2013.10.10"]

1.d4 e6 2.Nf3 Nf6 3.g3 b6 4.Bg2 Bb7 5.O-O c5 6.b3 cxd4 7.Bb2
Be7 8.Qxd4 d6 9.c4 Nbd7 10.Nc3 a6 11.Rad1 Qc7 12.e4 O-O 13.Rfe1
Rfe8 14.Nd2 Rac8 15.Nf1 Bf8 16.Ne3 Ba8 1/2-1/2

[Event "DRUGA LIGA CENTRALNE SRBIJE 2013 - Istok"]
[Site "Zajecar"]
[Date "2013.10.12"]
[Round "5.12"]
[White "Dmitrovic, Tomislav"]
[Black "Kostic, Nebojsa"]
[Result "1/2-1/2"]
[WhiteElo "2249"]
[BlackElo "2284"]
[PlyCount "0"]
[EventDate "2013.10.10"]

1.e4 c6 2.d4 d5 3.exd5 cxd5 4.Bd3 Nc6 5.c3 Nf6 6.Bf4 g6 7.Nd2
Bg7 8.h3 O-O 9.Ngf3 Ne8 10.O-O Nd6 1/2-1/2

[Event "DRUGA LIGA CENTRALNE SRBIJE 2013 - Istok"]
[Site "Zajecar"]
[Date "2013.10.12"]
[Round "5.13"]
[White "Djordjevic, Nebojsa"]
[Black "Markovic, Marko"]
[Result "1/2-1/2"]
[WhiteElo "2251"]
[BlackElo "2292"]
[PlyCount "0"]
[EventDate "2013.10.10"]

1.d4 d5 2.c4 Nc6 3.e3 e5 4.dxe5 d4 5.a3 dxe3 6.Qxd8+ Kxd8 7.Bxe3
Nxe5 8.Nd2 Bf5 9.Ngf3 Nxf3+ 10.Nxf3 Be7 11.O-O-O+ Ke8 12.Nd4 1/2-1/2

[Event "DRUGA LIGA CENTRALNE SRBIJE 2013 - Istok"]
[Site "Zajecar"]
[Date "2013.10.12"]
[Round "5.14"]
[White "Trifunovic, Miroljub"]
[Black "Djordjevic, Vuk **"]
[Result "1/2-1/2"]
[WhiteElo "2263"]
[BlackElo "2123"]
[PlyCount "0"]
[EventDate "2013.10.10"]

1.d4 Nf6 2.c4 e6 3.Nf3 b6 4.g3 Ba6 5.b3 Bb4+ 6.Bd2 Be7 7.Nc3
d5 8.cxd5 exd5 9.Bg2 O-O 10.O-O Nbd7 11.Ne5 Bb7 12.Bf4 Rc8 13.Bh3
a6 14.Bg5 Ra8 15.Rc1 1/2-1/2

[Event "DRUGA LIGA CENTRALNE SRBIJE 2013 - Istok"]
[Site "Zajecar"]
[Date "2013.10.12"]
[Round "5.15"]
[White "Petrov, Georgi"]
[Black "Zafirovski, Mite"]
[Result "1/2-1/2"]
[WhiteElo "2219"]
[BlackElo "2256"]
[PlyCount "0"]
[EventDate "2013.10.10"]

1.Nf3 Nf6 2.c4 e6 3.Nc3 Bb4 4.Qc2 O-O 5.e3 b6 6.Be2 Bb7 7.O-O
Bxc3 8.Qxc3 d6 9.d3 Nbd7 10.b3 Qe7 11.Bb2 c5 12.Rad1 Rac8 13.Nd2 1/2-1/2

[Event "DRUGA LIGA CENTRALNE SRBIJE 2013 - Istok"]
[Site "Zajecar"]
[Date "2013.10.12"]
[Round "5.16"]
[White "Maksimovic, Boban"]
[Black "Djukic, Nebojsa"]
[Result "1/2-1/2"]
[WhiteElo "2194"]
[BlackElo "2177"]
[PlyCount "0"]
[EventDate "2013.10.10"]

1.c4 e6 2.Nc3 d5 3.d4 Nf6 4.Bg5 Be7 5.Nf3 Nbd7 6.e3 a6 7.cxd5
exd5 8.Bd3 c6 9.O-O O-O 10.Qc2 Re8 11.h3 Nf8 12.Ne5 N6d7 13.Bf4
Nxe5 14.Bxe5 Be6 15.Na4 1/2-1/2

[Event "DRUGA LIGA CENTRALNE SRBIJE 2013 - Istok"]
[Site "Zajecar"]
[Date "2013.10.12"]
[Round "5.17"]
[White "Stoimenov, Roki"]
[Black "Lazovic, Bozidar **"]
[Result "1/2-1/2"]
[WhiteElo "2053"]
[BlackElo "1829"]
[PlyCount "0"]
[EventDate "2013.10.10"]

1.Nf3 Nf6 2.g3 b5 3.Bg2 Bb7 4.O-O e6 5.b3 Be7 6.Bb2 O-O 7.c4
bxc4 8.bxc4 c5 9.e3 Qc7 10.Nc3 a6 11.Qe2 d6 12.Rfd1 Nbd7 1/2-1/2

[Event "DRUGA LIGA CENTRALNE SRBIJE 2013 - Istok"]
[Site "Zajecar"]
[Date "2013.10.12"]
[Round "5.18"]
[White "Popovic, Branislav **"]
[Black "Bozilov, Dragan **"]
[Result "1/2-1/2"]
[WhiteElo "1774"]
[BlackElo "1925"]
[PlyCount "0"]
[EventDate "2013.10.10"]

1.d4 d5 2.Bf4 Nf6 3.e3 Bf5 4.Nf3 e6 5.Nbd2 Bd6 6.Bg3 O-O 7.c4
b6 8.Be2 Qe7 9.O-O Bxg3 10.hxg3 Nbd7 11.Rc1 dxc4 12.Nxc4 c5 1/2-1/2

[Event "DRUGA LIGA CENTRALNE SRBIJE 2013 - Istok"]
[Site "Zajecar"]
[Date "2013.10.12"]
[Round "5.21"]
[White "Blagojevic, Vladan"]
[Black "Radosavljevic, Slobodan D"]
[Result "1/2-1/2"]
[WhiteElo "2148"]
[BlackElo "2213"]
[PlyCount "0"]
[EventDate "2013.10.10"]

1.Nf3 g6 2.c4 Bg7 3.g3 Nf6 4.Bg2 O-O 5.O-O d6 6.Nc3 c6 7.d3 Re8
8.Rb1 a5 9.a3 e5 10.Qc2 h6 11.b4 axb4 12.axb4 d5 13.Nd2 1/2-1/2

[Event "DRUGA LIGA CENTRALNE SRBIJE 2013 - Istok"]
[Site "Zajecar"]
[Date "2013.10.12"]
[Round "5.22"]
[White "Stefanovic, Vladimir"]
[Black "Radovanovic, Nikola **"]
[Result "1-0"]
[WhiteElo "2200"]
[BlackElo "2295"]
[PlyCount "0"]
[EventDate "2013.10.10"]

1.c4 Nf6 2.g3 e5 3.Bg2 d5 4.cxd5 Nxd5 5.Nc3 Nb6 6.Nf3 Nc6 7.O-O
Be7 8.d3 Be6 9.Be3 O-O 10.d4 exd4 11.Nxd4 Nxd4 12.Bxd4 Qc8 13.Qc2
Bh3 14.Bxh3 Qxh3 15.Bxb6 axb6 16.Qe4 Qe6 17.Qxb7 c6 18.Rfd1 Bf6
19.Qd7 Qxd7 20.Rxd7 Bxc3 21.bxc3 Ra4 22.Kf1 Rfa8 23.Rad1 g6 24.Rc7
Rc4 25.Rdd7 Rf8 26.Rd3 c5 27.Rb7 Ra8 28.Rf3 Rxa2 29.Rfxf7 Rxc3
30.Rg7+ Kf8 31.Rxh7 Rc1+ 32.Kg2 Kg8 33.Rhc7 Ra8 34.Rxb6 Rc2 35.Rxg6+
Kh8 36.Rgc6 Rxe2 37.Rc8+ 1-0

[Event "DRUGA LIGA CENTRALNE SRBIJE 2013 - Istok"]
[Site "Zajecar"]
[Date "2013.10.12"]
[Round "5.24"]
[White "Popovic, Djordje D"]
[Black "Djuretanovic, Ivan"]
[Result "0-1"]
[WhiteElo "2228"]
[BlackElo "2033"]
[PlyCount "0"]
[EventDate "2013.10.10"]

1.d4 Nf6 2.c4 c5 3.d5 b5 4.cxb5 a6 5.bxa6 Bxa6 6.Nc3 d6 7.Nf3
g6 8.e4 Bxf1 9.Kxf1 Bg7 10.g3 Nbd7 11.h3 Ra6 12.Kg2 Qa8 13.Re1
O-O 14.Qc2 Rb8 15.Re2 h6 16.g4 Ne8 17.Rb1 Nc7 18.Bf4 Nb5 19.Nxb5
Rxb5 20.b3 Rb8 21.Rd1 Rb4 22.Bc1 Qc8 23.Bd2 Rb7 24.Bc3 Bxc3 25.Qxc3
f6 26.Rdd2 Rc7 27.Rc2 Kg7 28.Nd2 Rca7 29.Nc4 Ne5 30.Nxe5 fxe5
31.Qd3 Qa8 32.Qd2 g5 33.Rb2 Qf8 34.Qe3 Ra8 35.Qf3 Qf4 36.Qxf4
exf4 37.Rbc2 Kf6 38.f3 Ke5 39.Kf2 Rb6 40.Ke1 Rb4 41.Kd1 Ra3 42.Rf2
Kd4 43.Rfd2+ Ke5 44.Kc1 c4 45.Kb2 Rxa2+ 46.Kxa2 cxb3+ 47.Kb2
bxc2+ 48.Kxc2 Rc4+ 49.Kd1 Rc3 50.Ke2 Rc1 51.Kf2 Rh1 52.Kg2 Rc1
53.Kf2 Rc4 54.Ke2 Ra4 55.Ke1 Rb4 56.Ke2 Rb8 57.Ke1 Rb4 58.Ke2
Rb1 59.Kf2 Rc1 60.Ra2 Kd4 61.Ke2 Rh1 62.Ra4+ Ke5 63.Ra7 Kf6 64.Kf2
Rxh3 65.Kg2 Rh4 66.Ra8 h5 67.gxh5 Rxh5 68.Rf8+ Kg7 69.Rf5 Kg6
70.Rf8 Rh7 71.Ra8 Rg7 72.Rf8 Rf7 73.Rg8+ Kf6 74.Kh3 Rh7+ 75.Kg2
Rg7 76.Rf8+ Ke5 77.Kh3 g4+ 78.fxg4 Kxe4 79.Rf5 Kf3 80.Rh5 Rxg4
81.Rh7 0-1

[Event "DRUGA LIGA CENTRALNE SRBIJE 2013 - Istok"]
[Site "Zajecar"]
[Date "2013.10.12"]
[Round "5.25"]
[White "Lazic, Milan B"]
[Black "Illijin, Neboisa"]
[Result "0-1"]
[WhiteElo "1982"]
[BlackElo "2166"]
[PlyCount "0"]
[EventDate "2013.10.10"]

1.e4 c5 2.Nc3 e6 3.g3 Nc6 4.Bg2 Nf6 5.f4 d5 6.d3 d4 7.Nce2 e5
8.f5 g6 9.fxg6 hxg6 10.Bg5 Be7 11.h3 Nh5 12.Bxe7 Qxe7 13.Qd2
Be6 14.Nf3 O-O-O 15.g4 Ng7 16.Ng5 f6 17.Nf3 Kb8 18.Ng3 Rdf8 19.a3
Bc8 20.O-O-O Ne6 21.h4 Nf4 22.g5 Bg4 23.Rdg1 Bxf3 24.Bxf3 fxg5
25.hxg5 Nd8 26.Nf1 Nfe6 27.Qa5 Rxh1 28.Rxh1 Qxg5+ 29.Nd2 0-1

[Event "DRUGA LIGA CENTRALNE SRBIJE 2013 - Istok"]
[Site "Zajecar"]
[Date "2013.10.12"]
[Round "5.26"]
[White "Ivic, Matija **"]
[Black "Dragojevic, Dragan"]
[Result "1-0"]
[WhiteElo "1923"]
[BlackElo "1960"]
[PlyCount "0"]
[EventDate "2013.10.10"]

1.Nf3 d5 2.c4 e6 3.g3 c5 4.Bg2 Nc6 5.O-O Nf6 6.d4 Qb6 7.dxc5
Bxc5 8.e3 dxc4 9.Qc2 Qa6 10.Nbd2 b5 11.b3 Nb4 12.Qb2 Nd3 13.Qc2
Nb4 14.Qb2 cxb3 15.Nxb3 Be7 16.Bd2 Nbd5 17.Nbd4 Rb8 18.Ne5 Qa3
19.Qc2 Qc5 20.Qd3 Qa3 21.Qc2 Qc5 22.Qb3 Bd7 23.a4 Nb6 24.Nxd7
Nbxd7 25.Nc6 bxa4 26.Qxa4 Rb6 27.Rfc1 Qb5 28.Qxa7 Bd6 29.Qa8+
Bb8 30.Nd4 Qe5 31.Rc8+ 1-0

[Event "DRUGA LIGA CENTRALNE SRBIJE 2013 - Istok"]
[Site "Zajecar"]
[Date "2013.10.12"]
[Round "5.27"]
[White "Mitic, Zoran"]
[Black "Ljuboja, Ognjen **"]
[Result "1/2-1/2"]
[WhiteElo "1933"]
[BlackElo "1810"]
[PlyCount "0"]
[EventDate "2013.10.10"]

1.e4 c5 2.Nf3 Nc6 3.c3 Nf6 4.e5 Nd5 5.d4 cxd4 6.cxd4 d6 7.exd6
Qxd6 8.Nc3 Bf5 9.a3 e6 10.Be2 Be7 11.O-O O-O 12.Bd3 Bg4 13.Be2
Nf6 14.Be3 Rfd8 15.Nb5 Qb8 16.Qa4 Nd5 17.Rac1 e5 18.dxe5 Nxe5
19.Nbd4 Bd6 20.h3 Nxf3+ 21.Bxf3 Bxf3 22.Nxf3 Nxe3 23.fxe3 b5
24.Qb3 Be7 25.Nd4 Bf6 26.Nc6 Qb6 27.Nxd8 Rxd8 28.Kh1 h6 29.a4
bxa4 30.Qxa4 Qxe3 31.Rce1 Qg3 32.Qa3 Rd3 33.Qc5 Rd2 34.Re8+ Kh7
35.Qf5+ g6 36.Qf3 Qg5 37.Re2 Rxe2 38.Qxe2 Kg7 39.Qf2 Qe5 40.b4
Qd6 41.b5 Qe5 42.g3 Qd5+ 43.Kh2 Bd4 44.Qf3 Qa2+ 45.Kh1 Qe6 46.Kh2
Qa2+ 47.Qg2 Qb3 48.Qe2 Qc3 49.Rf3 Qc1 50.Qf1 Qc7 51.Qd3 Be5 52.Kg2
Bf6 53.Qd5 Qb6 54.Qc6 Qd4 55.Qb7 Qc5 56.Rf2 Qe3 57.Ra2 Bd4 58.h4
Qg1+ 59.Kh3 Qf1+ 60.Qg2 Qxb5 61.Qe2 1/2-1/2

[Event "DRUGA LIGA CENTRALNE SRBIJE 2013 - Istok"]
[Site "Zajecar"]
[Date "2013.10.12"]
[Round "5.28"]
[White "Ivanovic, Zoran M"]
[Black "Radovic, Janko **"]
[Result "1/2-1/2"]
[WhiteElo "2115"]
[BlackElo "2077"]
[PlyCount "0"]
[EventDate "2013.10.10"]

1.e4 c5 2.Nf3 d6 3.d4 cxd4 4.Nxd4 Nf6 5.Nc3 a6 6.Be2 e5 7.Nb3
Be7 8.Be3 Be6 9.O-O Nbd7 10.f4 Qc7 11.f5 Bc4 12.Bxc4 Qxc4 13.Qd3
Qc7 14.h3 Nb6 15.Bg5 O-O 16.Rf2 Rac8 17.Bxf6 Bxf6 18.Nd5 Nxd5
19.Qxd5 Qb6 20.Kf1 Rfd8 21.c3 Bg5 22.Rf3 h5 23.Ke2 Rc5 24.Qd3
d5 25.Rd1 Rc7 26.Rff1 Rc4 27.exd5 Rxd5 28.Qf3 Rd6 29.Rxd6 Qxd6
30.Rd1 Qb6 31.g3 Ra4 32.h4 e4 33.Qf2 e3 34.Qf3 Bh6 35.Kd3 Rxa2
36.Kc2 a5 37.Rd8+ Kh7 38.Rc8 a4 39.Nd4 a3 1/2-1/2

[Event "DRUGA LIGA CENTRALNE SRBIJE 2013 - Istok"]
[Site "Zajecar"]
[Date "2013.10.12"]
[Round "5.31"]
[White "Garic, Radomir"]
[Black "Milovanovic, Srboljub"]
[Result "1/2-1/2"]
[WhiteElo "2261"]
[BlackElo "2222"]
[PlyCount "0"]
[EventDate "2013.10.10"]

1.e4 c5 2.Nf3 Nc6 3.Bb5 d6 4.O-O Bd7 5.Re1 Nf6 6.c3 a6 7.Bf1
e5 8.d4 cxd4 9.cxd4 Bg4 10.d5 Nd4 11.Be2 Nxf3+ 12.Bxf3 Bd7 13.Qb3
b5 14.Nc3 Qb8 15.Be3 Be7 16.Rec1 O-O 17.h3 h6 18.g4 g5 19.Ne2
Rc8 20.Ng3 Bd8 21.Nf5 Bxf5 22.gxf5 Qb7 23.Qb4 Qd7 24.Kg2 a5 25.Qb3
Qb7 26.a4 b4 27.Qd3 1/2-1/2

[Event "DRUGA LIGA CENTRALNE SRBIJE 2013 - Istok"]
[Site "Zajecar"]
[Date "2013.10.12"]
[Round "5.32"]
[White "Zivkovic, Marko"]
[Black "Cvetanovic, Uros **"]
[Result "1/2-1/2"]
[WhiteElo "2172"]
[BlackElo "2285"]
[PlyCount "0"]
[EventDate "2013.10.10"]

1.d4 Nf6 2.Nc3 c5 3.d5 e6 4.e4 exd5 5.exd5 d6 6.Nf3 g6 7.Be2
Bg7 8.O-O O-O 9.Bf4 Na6 10.Nd2 Ne8 11.Nc4 g5 12.Bd2 f5 13.Nb5
Nac7 14.Nxc7 Nxc7 15.a4 b6 16.h4 h6 17.hxg5 hxg5 18.Re1 Bb7 19.Bf1
Bxd5 20.Qh5 Bf7 21.Qxg5 Qxg5 22.Bxg5 d5 23.Ne5 Rfe8 24.Nxf7 Kxf7
25.Rxe8 Rxe8 26.Bb5 Nxb5 27.axb5 Bxb2 28.Rxa7+ Kg6 29.Re7 Rxe7
30.Bxe7 Bd4 31.Kf1 Kf7 32.Bd8 c4 33.Ke2 Ke6 34.Bc7 Bc5 35.f3
Kf6 36.g4 Kg5 37.Bd8+ Kg6 38.Bc7 Kg5 39.Bd8+ Kg6 1/2-1/2

[Event "DRUGA LIGA CENTRALNE SRBIJE 2013 - Istok"]
[Site "Zajecar"]
[Date "2013.10.12"]
[Round "5.33"]
[White "Djokic, Nebojsa"]
[Black "Petrovic, Dragan R"]
[Result "1-0"]
[WhiteElo "2193"]
[BlackElo "2202"]
[PlyCount "0"]
[EventDate "2013.10.10"]

1.e4 d6 2.d4 g6 3.Be3 Bg7 4.Nc3 Nf6 5.Qd2 O-O 6.f3 b6 7.O-O-O
Bb7 8.Bh6 c5 9.Nge2 Nbd7 10.h4 Rc8 11.h5 Bh8 12.hxg6 hxg6 13.Bxf8
Qxf8 14.g4 cxd4 15.Nxd4 Ne5 16.g5 Nh5 17.Bh3 Nc4 18.Qh2 Be5 19.Qf2
Rc5 20.Nce2 Nf4 21.Nxf4 Bxf4+ 22.Kb1 Qg7 23.c3 b5 24.Ne6 fxe6
25.Bxe6+ Qf7 26.Qh4 1-0

[Event "DRUGA LIGA CENTRALNE SRBIJE 2013 - Istok"]
[Site "Zajecar"]
[Date "2013.10.12"]
[Round "5.34"]
[White "Kraguljac, Pero"]
[Black "Djukic, Slobodan D"]
[Result "1-0"]
[WhiteElo "2126"]
[BlackElo "2188"]
[PlyCount "0"]
[EventDate "2013.10.10"]

1.Nf3 Nf6 2.g3 d5 3.Bg2 c5 4.O-O Nc6 5.d3 Bg4 6.Nbd2 e5 7.h3
Bh5 8.c3 Bd6 9.e4 dxe4 10.dxe4 Qc7 11.Qc2 O-O 12.Nc4 h6 13.Nh4
b5 14.Nxd6 Qxd6 15.g4 Bg6 16.Nxg6 fxg6 17.Qb3+ Kh7 18.Qxb5 Rab8
19.Qe2 g5 20.Be3 Nd8 21.Rad1 Qc7 22.b3 Qa5 23.Rd6 Rc8 24.Ra6
Qc7 25.Rd1 Nf7 26.b4 cxb4 27.cxb4 Ra8 28.Bc5 Rfe8 29.Qf3 Red8
30.Rxd8 Nxd8 31.Qd3 Qb7 32.b5 Nd7 33.Be3 Nb6 34.a4 Rb8 35.a5 1-0

[Event "DRUGA LIGA CENTRALNE SRBIJE 2013 - Istok"]
[Site "Zajecar"]
[Date "2013.10.12"]
[Round "5.35"]
[White "Madjar, Stanislav"]
[Black "Colic, Nikola"]
[Result "1/2-1/2"]
[WhiteElo "2181"]
[BlackElo "2196"]
[PlyCount "0"]
[EventDate "2013.10.10"]

1.c4 f5 2.g3 Nf6 3.Bg2 g6 4.Nc3 Bg7 5.Nf3 d6 6.d3 c6 7.Rb1 a5
8.a3 O-O 9.O-O Nbd7 10.b4 axb4 11.axb4 Ng4 12.Qc2 Nde5 13.b5
Bd7 14.Nxe5 Nxe5 15.bxc6 bxc6 16.Bd2 Qc7 17.Rb3 Ra6 18.Rfb1 Bc8
19.Rb4 Nd7 20.Ra4 Nc5 21.Rxa6 Bxa6 22.Na4 Nd7 23.Bc3 e5 24.Qd2
Rb8 25.Rxb8+ Nxb8 26.Ba5 Qc8 27.Qb4 Bf8 28.Qb6 Bb7 1/2-1/2

[Event "DRUGA LIGA CENTRALNE SRBIJE 2013 - Istok"]
[Site "Zajecar"]
[Date "2013.10.12"]
[Round "5.36"]
[White "Todorovic, Nenad I **"]
[Black "Mickovic, Slavisa"]
[Result "0-1"]
[WhiteElo "2149"]
[BlackElo "2119"]
[PlyCount "0"]
[EventDate "2013.10.10"]

1.e4 e6 2.d4 d5 3.Nd2 c5 4.exd5 Qxd5 5.Ngf3 Qd8 6.Bc4 Nc6 7.dxc5
Bxc5 8.Qe2 a6 9.Ne4 Be7 10.Bd2 Nf6 11.O-O-O Qc7 12.Kb1 O-O 13.Bc3
Qf4 14.Neg5 b5 15.Bd3 h6 16.Ne5 Bb7 17.g3 Qa4 18.b3 Qa3 19.Ne4
Nb4 20.Nxf6+ Bxf6 21.Bxb4 Qxb4 22.Rhe1 Qc3 23.f4 Rfd8 24.g4 Be7
25.Qe3 Kf8 26.Qc1 Rd4 27.f5 exf5 28.gxf5 Bf6 29.Qd2 Rxd3 30.Qxd3
Bxe5 31.Qxc3 Bxc3 32.Re3 b4 33.Rd7 Bc6 34.Rd6 Bb5 35.a4 Be8 36.Kc1
a5 37.Kd1 Bf6 38.c4 bxc3 39.Kc2 Be7 40.Rd5 Bb4 41.f6 gxf6 42.Rf5
Ra6 43.Rh5 Re6 44.Rxe6 fxe6 0-1

[Event "DRUGA LIGA CENTRALNE SRBIJE 2013 - Istok"]
[Site "Zajecar"]
[Date "2013.10.12"]
[Round "5.37"]
[White "Milosevic, Jovana **"]
[Black "Lukic, Igor M"]
[Result "1/2-1/2"]
[WhiteElo "1931"]
[BlackElo "2092"]
[PlyCount "0"]
[EventDate "2013.10.10"]

1.Nf3 Nf6 2.c4 e6 3.Nc3 d5 4.d4 Be7 5.Bg5 O-O 6.e3 Nbd7 7.Bd3
dxc4 8.Bxc4 c5 9.O-O cxd4 10.Qxd4 Nb6 11.Qxd8 Rxd8 12.Bb3 h6
13.Bh4 Bd7 14.Rfd1 Be8 15.Bg3 Nbd5 16.Nxd5 Nxd5 17.a3 b5 18.Ne5
a5 19.Rac1 Rac8 20.h3 a4 21.Ba2 b4 22.axb4 Nxb4 23.Bb1 Bf6 24.Kh2
g6 25.Be4 Kg7 26.Rxd8 Rxd8 27.Rc4 Be7 28.Nf3 Nd3 29.Bc7 Rd7 30.Ne5
Nxe5 31.Bxe5+ f6 32.Bc3 Bd6+ 33.g3 Rc7 34.Rxc7+ Bxc7 35.Kg2 Bb5
36.f4 Kf7 37.Kf2 Bb6 38.Bb1 Bc5 39.Bc2 h5 40.g4 hxg4 41.hxg4
g5 42.fxg5 fxg5 43.Kf3 Bd6 44.Be4 Bc4 45.Bc6 Bb3 46.Bb5 e5 47.e4
Ke6 48.Bd2 Be7 49.Be2 Kd7 50.Kf2 Kc6 51.Bc3 Bf6 52.Bb4 Bd8 1/2-1/2

[Event "DRUGA LIGA CENTRALNE SRBIJE 2013 - Istok"]
[Site "Zajecar"]
[Date "2013.10.12"]
[Round "5.38"]
[White "Pavlovic, Branka *"]
[Black "Ilic, Aleksandar"]
[Result "0-1"]
[WhiteElo "1838"]
[BlackElo "2120"]
[PlyCount "0"]
[EventDate "2013.10.10"]

1.e4 c5 2.Nc3 d6 3.f4 e6 4.Nf3 Ne7 5.d4 cxd4 6.Nxd4 a6 7.a4 d5
8.e5 Nbc6 9.Nce2 g5 10.g3 gxf4 11.Bxf4 Ng6 12.Nxc6 bxc6 13.Qd2
Bg7 14.Nd4 Nxe5 15.Be2 Ng6 16.Nxc6 Qb6 17.Nb4 Bxb2 18.Rd1 Nxf4
19.gxf4 d4 20.Na2 Bd7 21.c3 Bxa4 22.Rb1 Rb8 23.cxd4 Qc6 24.Rf1
Bc2 25.Nb4 Rxb4 26.Qxb4 0-1

[Event "DRUGA LIGA CENTRALNE SRBIJE 2013 - Istok"]
[Site "Zajecar"]
[Date "2013.10.12"]
[Round "5.41"]
[White "Dinic, Dragan"]
[Black "Urosevic, Goran"]
[Result "1-0"]
[WhiteElo "2309"]
[BlackElo "2239"]
[PlyCount "0"]
[EventDate "2013.10.10"]

1.e4 e6 2.d4 d5 3.Nc3 Nf6 4.Bg5 Bb4 5.Nge2 h6 6.Bxf6 Qxf6 7.a3
Bxc3+ 8.Nxc3 dxe4 9.Nxe4 Qe7 10.Bd3 Bd7 11.O-O Bc6 12.Ng3 Nd7
13.Qe2 O-O 14.Rfe1 Qh4 15.Be4 Bxe4 16.Nxe4 Nf6 17.Qf3 c6 18.g3
Qh3 19.Nxf6+ gxf6 20.Qxf6 Qh5 21.Re4 Kh7 22.Rae1 Rae8 23.Qf4
Qg5 24.Qf3 Rd8 25.c3 Qe7 26.Re5 Rg8 27.Rf5 Rd7 28.Rf4 Rg6 29.Qe4
Qd6 30.Qf3 Kg7 31.Rg4 Qd5 32.Rxg6+ Kxg6 33.Qd3+ Kg7 34.Re4 Qg5
35.Qe2 Kf8 36.Rf4 Ke7 37.h4 Qg6 38.Kg2 Rd5 39.a4 a6 40.Qc4 Kd7
41.Qb4 Kc7 42.a5 f5 43.c4 Rd7 44.Qc5 Qf6 45.b4 Kb8 46.h5 Qg7
47.Qb6 Qe7 48.Qc5 Qxc5 49.bxc5 Rg7 50.Kf3 Kc7 51.Rh4 Kd7 52.Kf4
Ke7 53.Ke5 Rg5 54.Rf4 Rxh5 55.d5 cxd5 56.cxd5 exd5 57.Rxf5 Rh1
58.Kxd5 Ra1 59.Rh5 Rxa5 60.Rxh6 Ra2 61.Rh7+ Kd8 62.Rxb7 Rxf2
63.Rg7 a5 64.g4 a4 65.Ra7 Rf4 66.g5 Rg4 67.Kd6 Kc8 68.c6 Rd4+
69.Ke5 Rg4 70.Kf6 Kb8 71.c7+ Kc8 72.g6 Kd7 73.g7 1-0

[Event "DRUGA LIGA CENTRALNE SRBIJE 2013 - Istok"]
[Site "Zajecar"]
[Date "2013.10.12"]
[Round "5.42"]
[White "Madic, Zivko"]
[Black "Madic, Zivko"]
[Result "1/2-1/2"]
[WhiteElo "2087"]
[BlackElo "2281"]
[PlyCount "0"]
[EventDate "2013.10.10"]

1.d4 Nf6 2.c4 e6 3.Nc3 Bb4 4.e3 O-O 5.Nge2 c6 6.a3 Ba5 7.b4 Bc7
8.Ng3 d5 9.cxd5 exd5 10.Be2 Re8 11.Qc2 Nbd7 12.O-O h5 13.f4 g6
14.Nh1 Nb6 15.Nf2 Nc4 16.Bxc4 dxc4 17.b5 Nd5 18.Nxd5 Qxd5 19.bxc6
b5 20.e4 Qxd4 21.Bb2 Qe3 22.Rae1 Qxf4 23.g3 Qg5 24.e5 Bf5 25.Ne4
Bxe4 26.Rxe4 Re6 27.Qc3 Rd8 28.Qf3 Qe7 29.Rf4 Rf8 30.a4 Bxe5
31.Bxe5 Rxe5 32.axb5 Rxb5 33.Rxc4 Rf5 34.Qc3 Rxf1+ 35.Kxf1 Rd8
36.c7 Rc8 37.Rc6 Qd7 38.Qc5 Qd1+ 39.Kg2 Qd2+ 40.Kh3 Qd7+ 41.Kg2 1/2-1/2

[Event "DRUGA LIGA CENTRALNE SRBIJE 2013 - Istok"]
[Site "Zajecar"]
[Date "2013.10.12"]
[Round "5.43"]
[White "Dodic, Dragan"]
[Black "Pantic, Dejan"]
[Result "1-0"]
[WhiteElo "2077"]
[BlackElo "1859"]
[PlyCount "0"]
[EventDate "2013.10.10"]

1.d4 Nf6 2.c4 d6 3.Nc3 c6 4.e4 g6 5.h3 Bg7 6.Nf3 Qc7 7.Bd3 Na6
8.Bg5 e5 9.d5 Nc5 10.Bc2 cxd5 11.cxd5 Bd7 12.O-O O-O 13.Qd2 b5
14.b4 Nb7 15.Bd3 a6 16.Rfc1 Qb6 17.Be3 Qd8 18.a4 bxa4 19.Nxa4
Bxa4 20.Rxa4 a5 21.Rca1 Nd7 22.Bb5 Nb6 23.Bxb6 Qxb6 24.Bc6 Ra7
25.bxa5 Qc7 26.Bxb7 Qxb7 27.a6 Qd7 28.Qc2 f5 29.Ng5 Rc8 30.Rc4
Rxc4 31.Qxc4 fxe4 32.Nxe4 Bf8 1-0

[Event "DRUGA LIGA CENTRALNE SRBIJE 2013 - Istok"]
[Site "Zajecar"]
[Date "2013.10.12"]
[Round "5.46"]
[White "Stanisavljevic, Vladan"]
[Black "Petrovic, Petar R **"]
[Result "1/2-1/2"]
[WhiteElo "1815"]
[BlackElo "1709"]
[PlyCount "0"]
[EventDate "2013.10.10"]

1.e4 e5 2.Nf3 Nc6 3.d4 exd4 4.Nxd4 Bc5 5.Be3 Qf6 6.c3 Nge7 7.Bc4
d6 8.O-O Ne5 9.Bb3 Qg6 10.f4 Qxe4 11.Re1 Bg4 12.Qd2 N5g6 1/2-1/2

[Event "DRUGA LIGA CENTRALNE SRBIJE 2013 - Istok"]
[Site "Zajecar"]
[Date "2013.10.12"]
[Round "5.48"]
[White "Mijajlovic, Jovan **"]
[Black "Dinic, Vojislav"]
[Result "0-1"]
[WhiteElo "1538"]
[BlackElo "1968"]
[PlyCount "0"]
[EventDate "2013.10.10"]

1.e4 c5 2.Nf3 Nc6 3.d4 cxd4 4.Nxd4 Qc7 5.Nc3 a6 6.Be3 e6 7.Be2
Nf6 8.O-O b5 9.a3 Bb7 10.f4 d6 11.Bf3 e5 12.Nxc6 Bxc6 13.Nd5
Bxd5 14.exd5 e4 15.Be2 Qb7 16.c4 Be7 17.b3 Rc8 18.Qc2 O-O 19.g4
Rc7 20.g5 Nxd5 21.Qxe4 Nxe3 22.Qxe3 d5 23.Qh3 dxc4 24.bxc4 Bc5+
25.Rf2 bxc4 26.Raf1 Qe4 27.Qg4 c3 28.Bf3 Qe3 29.Kg2 Qxf2+ 30.Rxf2
Bxf2 31.Be4 c2 32.Bxh7+ Kxh7 33.Qh5+ Kg8 34.g6 fxg6 35.Qxg6 c1Q
36.Qe6+ Rff7 0-1

[Event "DRUGA LIGA CENTRALNE SRBIJE 2013 - Istok"]
[Site "Zajecar"]
[Date "2013.10.12"]
[Round "5.51"]
[White "Trailovic, Mile"]
[Black "Nikolic, Stanimir"]
[Result "0-1"]
[WhiteElo "2149"]
[BlackElo "2261"]
[PlyCount "0"]
[EventDate "2013.10.10"]

1.e4 e5 2.Nc3 Nf6 3.g3 Nc6 4.Bg2 Bc5 5.h3 a6 6.Nge2 d6 7.O-O
O-O 8.Kh2 b5 9.a3 Rb8 10.f4 Re8 11.d3 a5 12.g4 b4 13.axb4 axb4
14.Nb1 Nxg4+ 15.Kg3 Ne3 16.Bxe3 Bxe3 17.f5 Nd4 18.Nxd4 exd4 19.Kh2
Qg5 20.Qe1 d5 21.Ra5 dxe4 22.Bxe4 Bb7 23.Qg3 Qxg3+ 24.Kxg3 Bxe4
25.dxe4 Rxe4 26.Rc5 Rb7 27.Rc4 h5 28.Rf3 h4+ 29.Kg2 Re5 30.Rc6
Ra5 31.c3 0-1

[Event "DRUGA LIGA CENTRALNE SRBIJE 2013 - Istok"]
[Site "Zajecar"]
[Date "2013.10.12"]
[Round "5.52"]
[White "Bura, Goran"]
[Black "Vlajic, Sasa"]
[Result "1-0"]
[WhiteElo "2202"]
[BlackElo "2160"]
[PlyCount "0"]
[EventDate "2013.10.10"]

1.e4 d5 2.exd5 Nf6 3.c4 e6 4.dxe6 Bxe6 5.Nf3 Nc6 6.Be2 Bc5 7.O-O
O-O 8.Nc3 Qd7 9.Na4 Bd4 10.Nxd4 Nxd4 11.Nc5 Qd6 12.Nxe6 Qxe6
13.Bf3 Qxc4 14.Bxb7 Rab8 15.d3 Qb4 16.Bf3 Rfe8 17.b3 Rbd8 18.Bb2
Re5 19.Rc1 c5 20.Rc4 Qa5 21.Ra4 Qc7 22.Bxd4 cxd4 23.g3 Qe7 24.Qd2
h5 25.Ra5 Re8 26.Ra4 Rd8 27.Qb4 Qd7 28.Ra5 Rxa5 29.Qxa5 h4 30.Re1
hxg3 31.hxg3 Rc8 32.Qb4 Qf5 33.Qb7 Rc2 34.Qa8+ Kh7 35.Be4 Nxe4
36.Qxe4 Rxf2 37.Qh4+ Kg6 38.g4 1-0

[Event "DRUGA LIGA CENTRALNE SRBIJE 2013 - Istok"]
[Site "Zajecar"]
[Date "2013.10.12"]
[Round "5.53"]
[White "Tosic, Branislav"]
[Black "Tosic, Nebojsa"]
[Result "1-0"]
[WhiteElo "2248"]
[BlackElo "2171"]
[PlyCount "0"]
[EventDate "2013.10.10"]

1.c4 Nf6 2.Nc3 g6 3.e4 d6 4.g3 Bg7 5.Bg2 O-O 6.Nge2 c6 7.O-O
a6 8.a4 a5 9.d3 Na6 10.f4 Qb6+ 11.Kh1 Ng4 12.d4 e5 13.c5 dxc5
14.dxe5 Rd8 15.Qc2 Nb4 16.Qb1 Be6 17.h3 Bc4 18.b3 Bxe2 19.Nxe2
Qa6 20.Ng1 Rd1 21.Rxd1 Nf2+ 22.Kh2 Nxd1 23.Bd2 Nf2 24.Bf1 c4
25.Bxc4 Qb6 26.Bxb4 axb4 27.Qe1 Rd8 28.Ra2 Nd3 29.Qd2 Nc1 30.Qf2
Qxf2+ 31.Rxf2 Rd1 32.Nf3 h6 33.Rd2 Rxd2+ 34.Nxd2 Kf8 35.Kg2 Ke8
36.Kf3 Bf8 37.e6 fxe6 38.Bxe6 Bc5 39.Bc4 Bd4 40.e5 Ke7 41.Ke4
Bc3 42.Nf3 b5 43.axb5 cxb5 44.Bd5 Ne2 45.g4 Bb2 46.f5 Nc3+ 47.Kd4
gxf5 48.gxf5 Nd1+ 49.Kc5 Nf2 50.f6+ Kf8 51.h4 Ng4 52.Kd6 Bc3
53.Ke6 Bb2 54.h5 Bc3 55.Nh4 Nxe5 56.Ng6+ Nxg6 57.hxg6 1-0

[Event "DRUGA LIGA CENTRALNE SRBIJE 2013 - Istok"]
[Site "Zajecar"]
[Date "2013.10.12"]
[Round "5.54"]
[White "Njegic, Vladimir"]
[Black "Devetak, Dusan"]
[Result "1/2-1/2"]
[WhiteElo "2160"]
[BlackElo "2147"]
[PlyCount "0"]
[EventDate "2013.10.10"]

1.d4 Nf6 2.c4 g6 3.Nc3 Bg7 4.e4 d6 5.Nf3 Bg4 6.Be2 c6 7.h3 Bxf3
8.Bxf3 Qc7 9.Be3 Nbd7 10.Rc1 O-O 11.Qd2 Rfe8 12.O-O e5 13.d5
c5 14.a3 a6 15.g4 Rf8 16.Ne2 Kh8 17.Ng3 Ng8 18.Kg2 Ne7 19.Bh6
Rg8 20.Bg5 f6 21.Be3 Raf8 22.Kh2 Rf7 23.Be2 Rgf8 24.Bd3 Ng8 25.Rb1
Rb8 26.Rfc1 Rff8 27.a4 a5 28.Rh1 Ne7 29.Kg2 Kg8 30.Rbg1 b6 31.Kf1
Kf7 32.h4 Rh8 33.Qe2 h6 34.Qf3 h5 35.g5 1/2-1/2